|
|
|
|
| LEADER |
00000cam a2200000 7i4500 |
| 001 |
0000094536 |
| 005 |
20241217155443.0 |
| 020 |
|
|
|a 9781394185870 (
|q paperback)
|
| 040 |
|
|
|e rda
|
| 041 |
|
|
|a English
|
| 090 |
0 |
0 |
|a 153.35
|b LAV
|
| 100 |
1 |
|
|a Laviolette,Norm ,
|e (author)
|
| 245 |
0 |
4 |
|a The art of making shit up :
|b using the principles of improv to become an unstoppable powerhouse
|c Norm Laviolette
|
| 264 |
|
1 |
|a New Jersey, USA :
|b John Wiley & Sons Inc.
|c 2023
|
| 300 |
|
|
|a 176 pages ;
|c 23 cm.
|
| 336 |
|
|
|a text
|2 rdacontent
|
| 337 |
|
|
|a unmediated
|2 rdamedia
|
| 338 |
|
|
|a volume
|2 rdacarrier
|
| 500 |
|
|
|a Includes index
|
| 541 |
|
|
|c Purchased on 2024
|f I-000105 SWAN
|h RM103.75
|
| 650 |
|
0 |
|a Communication in management
|
| 650 |
|
0 |
|a Creative ability
|
| 999 |
|
|
|a 0001787298
|b Book
|c Adult Collection
|e Perbadanan Perpustakaan Awam Johor
|
| 999 |
|
|
|a 0001787299
|b Book
|c Adult Collection
|e Cawangan Urban Transformation Centre
|
| 999 |
|
|
|a 0001787300
|b Book
|c Adult Collection
|e Cawangan AEON Kulaijaya
|
| 999 |
|
|
|a 0001787301
|b Book
|c Adult Collection
|e Cawangan Tangkak
|
| 999 |
|
|
|a 0001787302
|b Book
|c Adult Collection
|e Cawangan Tmn. Ungku Tun Aminah
|
| 999 |
|
|
|a 0001787303
|b Book
|c Adult Collection
|e Perbadanan Perpustakaan Awam Johor
|
| 999 |
|
|
|a 0001787304
|b Book
|c Adult Collection
|e Cawangan Mersing
|
| 999 |
|
|
|a 0001787305
|b Book
|c Adult Collection
|e Cawangan Kota Tinggi
|
| 999 |
|
|
|a 0001787306
|b Book
|c Adult Collection
|e Cawangan Batu Pahat
|
| 999 |
|
|
|a 0001787307
|b Book
|c Adult Collection
|e Cawangan Bukit Gambir
|
| 999 |
|
|
|a 0001787308
|b Book
|c Adult Collection
|e Perbadanan Perpustakaan Awam Johor
|
| 999 |
|
|
|a 0001787309
|b Book
|c Adult Collection
|e Cawangan Pontian
|
| 999 |
|
|
|a 0001787310
|b Book
|c Adult Collection
|e Perbadanan Perpustakaan Awam Johor
|
| 999 |
|
|
|a 0001787311
|b Book
|c Adult Collection
|e Perbadanan Perpustakaan Awam Johor
|
| 999 |
|
|
|a 0001787312
|b Book
|c Adult Collection
|e Cawangan Segamat
|
| 999 |
|
|
|a 0001787313
|b Book
|c Adult Collection
|e Perbadanan Perpustakaan Awam Johor
|